| 000 | 00494nam a2200193 a 4500 | ||
|---|---|---|---|
| 001 | 5569 | ||
| 003 | CO-ViMGA | ||
| 008 | 141112s2004 ck r 000 u spa d | ||
| 040 |
_aCO-ViMGA _bspa _cCO-ViMGA |
||
| 082 | 0 | 4 | _a370.152 N681 |
| 100 | 1 |
_aNovges, M. Helena _93920 |
|
| 245 | 1 | 0 | _aPsicología escolar |
| 260 |
_aBuenos Aires : _bLumen, _c1992 |
||
| 300 | _a315 p : il | ||
| 490 | _aPsicología | ||
| 650 | 1 | 4 |
_aPSICOLOGIA _95002 |
| 650 | 1 | 4 | _aPSICOLOGIA DE LA educación |
| 942 |
_2ddc _cBK |
||
| 999 |
_c17553 _d17553 |
||